Google in March 2012 Quiz Stats

 Plays Quiz not verified by Sporcle

Score 0/32 Timer 05:00
0 Plays Today
% Correct
USA
100%
USA
100%
USA
100%
UK
97.8%
France
95.7%
Canada
93.5%
Canada
93.5%
Australia
89.1%
Australia
89.1%
Spain
87%
Canada
84.8%
New Zealand
82.6%
Argentina
78.3%
Mexico
78.3%
Mali
78.3%
New Zealand
73.9%
% Correct
Ireland
69.6%
Ireland
69.6%
Ireland
69.6%
Belgium
67.4%
Belgium
67.4%
Switzerland
65.2%
Switzerland
65.2%
South Africa
63%
Canada
60.9%
Austria
54.3%
Burkina Faso
54.3%
Romania
41.3%
Serbia
26.1%
Cote d'Ivoire
19.6%
Senegal
19.6%
Vietnam
15.2%

You're not logged in!

Compare scores with friends on all Sporcle quizzes.
OR
Log In

You Might Also Like...

Show Comments

Extras

Top Quizzes Today


Score Distribution

Your Account Isn't Verified!

In order to create a playlist on Sporcle, you need to verify the email address you used during registration. Go to your Sporcle Settings to finish the process.

Report this User

Report this user for behavior that violates our Community Guidelines.

Details: